Statistics for Big Bang Theory Trivia

Click here to take the quiz!

General Stats

  • This quiz has been taken 94 times
    (68 since last reset)
  • The average score is 6 of 13

Answer Stats

HintAnswer% Correct
Addition to Rock, Paper, ScissorsSpock
91%
Addition to Rock, Paper, ScissorsLizard
87%
Game which Sheldon adapts for 3 playersChess
83%
Star Trek actor: Sheldon's arch NemisisWil Wheaton
67%
Space Equipment Designed by Howard which malfunctionsToilet
57%
Item of Sporting Equipment Sheldon takes on a Scavenger hunt in s7 e3Bowling Ball
50%
Howard's Online Gaming NameWolowizard
28%
CD containing "heroic quest music" in "The Zarnecki Incursion"Beyonce
24%
Sheldon's 15th Favourite Technological VisionarySteve Wozniak
20%
Sheldon's Extra Chess Piece - Heals PiecesOld Woman
13%
Sheldon's Extra Chess Piece - Poisons PiecesSerpent
13%
Sheldon's Extra Chess Piece - 1 in 5 chance of dying every movePrince Joey
11%
Creator of the above gameSam Kass
6%

Score Distribution

Percentile by Number Answered

Percent of People with Each Score

Your Score History

You have not taken this quiz since the last reset